书目信息 |
| 题名: |
财务成本管理
|
|
| 作者: | ;注册会计师全国统一考试研究中心 编著 | |
| 分册: | ||
| 出版信息: | 北京 人民邮电出版社 2017 |
|
| 页数: | 452页 | |
| 开本: | 26cm | |
| 丛书名: | ||
| 单 册: | ||
| 中图分类: | F275.3 | |
| 科图分类: | ||
| 主题词: | 企业管理--qi ye guan li--成本管理--资格考试--自学参考资料 | |
| 电子资源: | ||
| ISBN: | 978-7-115-43959-8 | |
| 000 | 01034nam0 22002291 450 | |
| 001 | 1755144473 | |
| 005 | 20170602161322.0 | |
| 010 | @a978-7-115-43959-8@dCNY59.00 (含光盘) | |
| 100 | @a20170216d2017 em y0chiy50 ea | |
| 101 | 0 | @achi |
| 102 | @aCN@b110000 | |
| 105 | @ay z 000yy | |
| 106 | @ar | |
| 200 | 1 | @a财务成本管理@Acai wu cheng ben guan li@f注册会计师全国统一考试研究中心编著 |
| 210 | @a北京@c人民邮电出版社@d2017 | |
| 215 | @a452页@d26cm@e附光盘1片 | |
| 330 | @a本书以注册会计师协会新颁布的《注册会计师**统一考试大纲》为依据,面向“财务成本管理”科目,体现了该科目知识的全面性、系统性和实用性。同时,在多年研究该科目大量真题的基础上,提炼出该科目考试的命题特点与解题规律,旨在帮助读者全面掌握知识,提高实战能力,并能顺利通过考试。 | |
| 606 | 0 | @a企业管理@Aqi ye guan li@x成本管理@x资格考试@j自学参考资料 |
| 690 | @aF275.3@v5 | |
| 711 | 02 | @a注册会计师全国统一考试研究中心@Azhu ce hui ji shi quan guo tong yi kao shi yan jiu zhong xin@4编著 |
| 801 | 0 | @aCN@bTANGWEI@c20170602 |
| 905 | @b0972239-42@dF275.3@e1395@f4 | |
| 财务成本管理/注册会计师全国统一考试研究中心编著.-北京:人民邮电出版社,2017 |
| 452页;26cm+附光盘1片 |
| ISBN 978-7-115-43959-8:CNY59.00 (含光盘) |
| 本书以注册会计师协会新颁布的《注册会计师**统一考试大纲》为依据,面向“财务成本管理”科目,体现了该科目知识的全面性、系统性和实用性。同时,在多年研究该科目大量真题的基础上,提炼出该科目考试的命题特点与解题规律,旨在帮助读者全面掌握知识,提高实战能力,并能顺利通过考试。 |
| ● |
| 相关链接 |
|
|
|
|
正题名:财务成本管理
索取号:F275.3/1395
 
预约/预借
| 序号 | 登录号 | 条形码 | 馆藏地/架位号 | 状态 | 备注 |
| 1 | 0972239 | 209722399 | 第一样本阅览室/ [索取号:F275.3/1395] | 在馆 | |
| 2 | 0972240 | 209722406 | 密集书库-海洋学院/ [索取号:F275.3/1395] | 在馆 | |
| 3 | 0972241 | 209722415 | 第一借阅区/ [索取号:F275.3/1395] | 在馆 | |
| 4 | 0972242 | 209722424 | 第一借阅区/ [索取号:F275.3/1395] | 在馆 |